Los pasos perdidos y Viaje a la semilla: una novela y un cuento

Сохранить в:
Библиографические подробности
Главный автор: Carpentier, Alejo (Автор)
Формат:
Язык:испанский
Опубликовано: Santiago Andrés Bello 1999
Редактирование:2a. ed
Предметы:
Метки: Добавить метку
Нет меток, Требуется 1-ая метка записи!

MARC

LEADER 00000nam a2200000 a 4500
001 UCN0416
003 CL-VaPUC
008 010323e19990000CL |||||||||||||||||spa|d
082 0 4 |a Cu863  |b CAR  |2 21 
100 0 |a Carpentier, Alejo  |e author  |9 317536 
245 1 4 |a Los pasos perdidos y Viaje a la semilla: una novela y un cuento 
250 |a 2a. ed 
300 |a 306 p 
942 |c BK 
945 |d 20010323 00:00:00  |a cmena 
260 |a Santiago  |b Andrés Bello  |c 1999 
650 0 |a Novelas cubanas  |9 268276 
650 0 |a Cuentos cubanos  |9 315673 
583 |a last modification  |c 20010323 00:00:00  |k Rodrigo Vera 
999 |c 294167  |d 294165 
952 |0 0  |1 0  |4 0  |6 CU_863_000000000000000_CAR_1999  |7 0  |8 A  |9 346087  |a BIBEDU  |b BIBEDU  |d 2019-11-20  |i 3702286  |l 1  |o Cu863 CAR 1999  |p 3702286  |r 2024-11-21  |s 2024-10-21  |w 2019-11-20  |y BK  |k LIT